PALTINUM NATS 2014-15 (Record no. 14089)

MARC details
000 -LEADER
fixed length control field 00272nam a22001337a 4500
003 - CONTROL NUMBER IDENTIFIER
control field SGT
082 ## - DEWEY DECIMAL CLASSIFICATION NUMBER
Classification number 616.024
Item number P14H
100 ## - MAIN ENTRY--PERSONAL NAME
Personal name HASSAN,ASHFAQ UI
245 ## - TITLE STATEMENT
Title PALTINUM NATS 2014-15
250 ## - EDITION STATEMENT
Edition statement 4TH
260 ## - PUBLICATION, DISTRIBUTION, ETC. (IMPRINT)
Place of publication, distribution, etc INDIA
Name of publisher, distributor, etc JAYPEE
Year of Publication 2014
300 ## - PAGE DESCRIPTION
No. of Pages 435
942 ## - ADDED ENTRY ELEMENTS (KOHA)
Source of classification or shelving scheme Dewey Decimal Classification
Koha item type Books
Holdings
Withdrawn status Lost status Source of classification or shelving scheme Damaged status Not for loan Collection code Home library Current library Shelving location Date acquired Vendor Name Volume Information (Serial or Books or Non-Book Material) SGTU Total Checkouts Full call number Accession No. (Barcode) Date last seen Bill Date Koha item type
    Dewey Decimal Classification     MEDICAL SGT Medical Library SGT Medical Library Text Book 21/12/2017 ABC DELHI II SGTU   616.024 P14H FM9001 21/12/2017 21/12/2017 Books